Sistema español de derecho civil internacional e interregional ... / Manuel de Lasala Llanas
Descripción Física:
392 p. ; 23 cm
Materias:
Dret civil -- Espanya
MARC
| LEADER | 00000nam a2200000Ia 4500 | ||
|---|---|---|---|
| 001 | 741 | ||
| 008 | 160829s9999 xx 000 0 cat d | ||
| 080 | |a D-1-92 | ||
| 100 | |a Lasala Llanas, Manuel de |9 24955 | ||
| 245 | |a Sistema español de derecho civil internacional e interregional ... / Manuel de Lasala Llanas | ||
| 260 | |a Madrid : |b Ed. Revista de Derecho Privado, [1933?] | ||
| 300 | |a 392 p. ; |c 23 cm | ||
| 490 | |a Biblioteca de la Revista de Derecho privado. Serie C ; 6 | ||
| 650 | |a Dret civil |x Espanya |9 28897 | ||
| 901 | |a Arxiu | ||
| 942 | |n 1 | ||
| 952 | |0 0 |1 0 |4 0 |6 D192 |7 1 |9 43389 |a Arxiu |b Arxiu |d 2016-12-01 |l 0 |o D-1-92 |p 741 |r 2016-12-01 00:00:00 |w 2016-12-01 |y ARXIU | ||
| 999 | |c 45934 |d 45934 | ||